[Event "Almansa U2000 op 7th"]
[Site "Almansa"]
[Date "2012.08.07"]
[Round "1"]
[White "Fraga Pons, Albert Borja"]
[Black "Vicente Navarro, Juan Manuel"]
[Result "1-0"]
[WhiteElo "1974"]
[BlackElo "1699"]
[PlyCount "43"]
[EventDate "2012.08.07"]
[EventType "swiss"]
[EventRounds "9"]
[EventCountry "ESP"]
[SourceTitle "EXT 2024"]
[Source "ChessBase"]
[SourceDate "2023.10.10"]
[SourceVersion "1"]
[SourceVersionDate "2023.10.10"]
[SourceQuality "1"]

1. e4 c5 2. Nc3 Nc6 3. Bc4 e6 4. d3 Na5 5. Nge2 Nxc4 6. dxc4 g6 7. 0-0 Bg7 8. f4 a6 9. e5 Ne7 10. Ne4 0-0 11. Nxc5 Qb6 12. Qd6 Nc6 13. Kh1 Rd8 14. Ne4 Bf8 15. Qd3 Be7 16. Qh3 Kg7 17. f5 exf5 18. Qh6+ Kh8 19. Nf6 Bxf6 20. exf6 Rg8 21. Rf3 Qb4 22. Rh3 1-0

[Event "Almansa op-B 5th"]
[Site "Almansa"]
[Date "2010.08.09"]
[Round "1.2"]
[White "Vicente Navarro, Juan Manuel"]
[Black "Santa Puche, Pedro Jose"]
[Result "0-1"]
[WhiteElo "1739"]
[BlackElo "1994"]
[PlyCount "48"]
[EventDate "2010.08.09"]
[EventType "swiss"]
[EventRounds "9"]
[EventCountry "ESP"]
[SourceTitle "EXT 2024"]
[Source "ChessBase"]
[SourceDate "2023.10.10"]
[SourceVersion "1"]
[SourceVersionDate "2023.10.10"]
[SourceQuality "1"]

1. e4 c5 2. Nf3 g6 3. d4 cxd4 4. Nxd4 Nc6 5. Nc3 Bg7 6. Be3 Nf6 7. f3 0-0 8. Qd2 d5 9. exd5 Nxd5 10. Nxc6 bxc6 11. Nxd5 cxd5 12. c3 e5 13. 0-0-0 Be6 14. Bh6 Qa5 15. Bxg7 Kxg7 16. a3 Rfc8 17. Kb1 Rab8 18. Ka1 Rb3 19. Ka2 Rcxc3 20. Ka1 d4 21. Qe2 Rxa3+ 22. bxa3 Rxa3+ 23. Kb1 Ra1+ 24. Kc2 Qc3# 0-1